000 00542nam a22001937a 4500
005 20260422084419.0
008 260422b |||||||| |||| 00| 0 eng d
020 _a9789391883317
_c250.00
040 _aMAIN
041 _aasm
082 _a337
_bAHM.
100 _aAhmed, Rofique.
_dSaikia, Debojit.
245 _aআন্তৰ্জাতিক অৰ্থবিজ্ঞান​
_cBy Rafique Ahmed
250 _a1st ed.
260 _aJorhat:
_bUnika Prakashan;
_c2026
300 _a224p.
650 _aEconomics
942 _2ddc
_cBK
999 _c16402
_d16402